00713nam a2200241Ia 450000100060000000300090000600800410001504000130005604000130006904100130008210000190009510000290011424500390014324500450018225000110022726000100023826000160024826000490026430000590031350000330037265000350040565000310044091046IT-RoPAU130308s9999 xx 000 0 und d aIT-RoPAU cIT-RoPAU aFRANCESE aLagneau Gerard gCodice Aut. SPICS: 4929 aMinitel (Le), un mariage mecanique bImaginaire des Techniques de pointe (L') a1a ed. aPARIS bL'Harmattan c1989 [1° Ed.:1989 - Ed.Ling.Originale:1989] a"16 p. (prefazione: no ; testo: 16 [pagine: 171-186])" aMinitel matrimonio Meccanico aSAGGI DI COMUNICAZIONE SOCIALE eCodice materia Spics: 3807